Gossip Girl Significant Others - Statistics

General Stats
  • This quiz has been taken 1,165 times
  • The average score is 30 of 48
Answer Stats
Hint Answer % Correct
Nate Archibald Blair Waldorf
98%
Chuck Bass Blair Waldorf
98%
Blair Waldorf
98%
Nate Archibald
98%
Blair Waldorf Nate Archibald
98%
Nate Archibald
98%
Chuck Bass
97%
Chuck Bass
97%
Serena Van Der Woodsen Dan Humphrey
97%
Dan Humphrey
97%
Rufus Humphrey
96%
Serena Van Der Woodsen
94%
Dan Humphrey Serena Van Der Woodsen
94%
Vanessa Abrams
90%
Vanessa Abrams
90%
Lily Van Der Woodsen Bart Bass
88%
Louis Grimaldi
79%
Carter Baizen
77%
Carter Baizen
77%
Jenny Humphrey
77%
William Van Der Woodsen
70%
Eva Coupeau
59%
Georgina Sparks
59%
Ivy Dickens/Charlie Rhodes
59%
Damien Dalgaard
58%
Aaron Rose
53%
Ben Donovan
52%
Olivia Burke
52%
Diana Payne
50%
Raina Thorpe
45%
Raina Thorpe
45%
Bree Buckley
44%
Juliet Sharp
44%
Lola Rhodes
42%
Tripp Vanderbilt
41%
Catherine Beaton
39%
Steven Spence
39%
Sage Spence
38%
Marcus Beaton
37%
Colin Forrester
36%
Klaus
36%
Claus
34%
Gabriel Edwards
30%
Rachel Carr
28%
Jenny Humphrey Asher Hornsby
23%
Max Harding
15%
Amanda Lasher
12%
Owen Campos
10%
No matching quizzes found
Score Distribution
Percent of People with Each Score
Percentile by Number Answered
Your Score History
You have not taken this quiz